<?xml version="1.0" encoding="UTF-8"?><?xml-stylesheet type="text/xsl" href="static/style.xsl"?><OAI-PMH xmlns="http://www.openarchives.org/OAI/2.0/" xmlns:xsi="http://www.w3.org/2001/XMLSchema-instance" xsi:schemaLocation="http://www.openarchives.org/OAI/2.0/ http://www.openarchives.org/OAI/2.0/OAI-PMH.xsd"><responseDate>2026-04-27T03:42:38Z</responseDate><request verb="GetRecord" identifier="oai:repisalud.isciii.es:20.500.12105/10754" metadataPrefix="marc">https://repisalud.isciii.es/rest/oai/request</request><GetRecord><record><header><identifier>oai:repisalud.isciii.es:20.500.12105/10754</identifier><datestamp>2024-05-21T11:02:20Z</datestamp><setSpec>com_20.500.12105_2203</setSpec><setSpec>com_20.500.12105_2202</setSpec><setSpec>col_20.500.12105_19505</setSpec><setSpec>col_20.500.12105_19585</setSpec></header><metadata><record xmlns="http://www.loc.gov/MARC21/slim" xmlns:dcterms="http://purl.org/dc/terms/" xmlns:doc="http://www.lyncode.com/xoai" xmlns:xsi="http://www.w3.org/2001/XMLSchema-instance" xsi:schemaLocation="http://www.loc.gov/MARC21/slim http://www.loc.gov/standards/marcxml/schema/MARC21slim.xsd">
   <leader>00925njm 22002777a 4500</leader>
   <datafield ind2=" " ind1=" " tag="042">
      <subfield code="a">dc</subfield>
   </datafield>
   <datafield ind2=" " ind1=" " tag="720">
      <subfield code="a">Instituto de Salud Carlos III. Centro Nacional de Epidemiología</subfield>
      <subfield code="e">author</subfield>
   </datafield>
   <datafield ind2=" " ind1=" " tag="260">
      <subfield code="c">2016-01-31</subfield>
   </datafield>
   <datafield ind2=" " ind1=" " tag="520">
      <subfield code="a">En la semana 04/2016 la tasa global de incidencia de gripe aumenta a 139,34 casos por 100.000
habitantes, superando por segunda semana consecutiva el umbral basal.
 La intensidad de la actividad gripal se mantiene en un nivel bajo, si bien la circulación de virus de la
gripe se presenta ampliamente extendida por todo el territorio sujeto a vigilancia.
 De las 377 muestras centinela analizadas, 178 han sido positivas para el virus de la gripe (47,2%),
18% son virus B y 82% virus A (96% de A(H1N1)pdm09 entre los subtipados). La tasa de detecciónviral continúa en aumento, con una evolución creciente.
 La circulación de VRS se mantiene en descenso desde que se alcanzó un máximo en la tasa dedetección viral en la semana 53/2015 (49%).
 Desde el inicio de la temporada 2015-16 se han notificado 307 casos graves hospitalizados confirmados de gripe (CGHCG) en 16 CCAA. El 94% de los casos fueron virus A. De las detecciones A
subtipadas, el 98% fueron A(H1N1)pdm09. Se han registrado 19 defunciones confirmadas, asociándose el 95% a virus A [11 A no subtipado, 6 A(H1N1)pdm09 y uno A(H3N2)].
 En Europa, en la semana 03/2016 la actividad gripal se intensifica en al región. La proporción de muestras centinela positivas a virus gripales continua creciendo, siendo esta semana del 40%. En lo que va de temporada, el 78% de las muestras centinela positivas son virus tipo A, principalmente A(H1N1)pdm09, cuya representación sigue incrementándose entre los subtipados (82%)</subfield>
   </datafield>
   <datafield ind1="8" ind2=" " tag="024">
      <subfield code="a">http://hdl.handle.net/20.500.12105/10754</subfield>
   </datafield>
   <datafield tag="653" ind2=" " ind1=" ">
      <subfield code="a">Gripe</subfield>
   </datafield>
   <datafield tag="653" ind2=" " ind1=" ">
      <subfield code="a">Vigilancia Epidemiológica</subfield>
   </datafield>
   <datafield ind2="0" ind1="0" tag="245">
      <subfield code="a">Informe semanal de Vigilancia de la Gripe en España Semana 04/2016 (25 - 31 de enero 2016) Nº 457. 4 de febrero de 2016</subfield>
   </datafield>
</record></metadata></record></GetRecord></OAI-PMH>